000 00883nam a2200241 i 4500
001 bg
100 1 _aKabaj, Mieczysław
_d(1933- ).
245 1 0 _aStrategie i programy przeciwdziałania bezrobociu :
_bstudium porównawcze /
_cMieczysław Kabaj ; Fundacja Promocji Prawa Europejskiego.
250 _a[Wyd.2].
260 _aWarszawa :
_b"Scholar" :
_bwe współpr. z FPPE,
_c1998.
300 _a216 s., [1] k. tabl. złoż. :
_bwykr. ;
_c24 cm.
650 9 _aBezrobocie
_xzapobieganie i zwalczanie
_yod 1945 r.
650 9 _aZatrudnienie
_xpolityka
_zPolska
_yod 1989 r.
655 _aPodręczniki akademickie
710 0 _aFundacja Promocji Prawa Europejskiego
020 _a8385838848 ("Scholar")
040 _cBPK
041 0 _apl
080 _a331.5(438)"1944/..."(075.8)
920 _a83-85838-84-8 ("Scholar")
942 _cKS
008 s pl f |000 0 pol
999 _c34015
_d34015
856 _uhttp://koha.tu.koszalin.pl/cgi-bin/koha/opac-detail.pl?biblionumber=34015
_yKatalog online BPK